Statistiken für Formel 1 Teams nach Logo

Klicken Sie hier um das Quiz zu spielen!

Allgemein

  • Dieses Quiz wurde 4.689 mal gespielt
  • Das Durchschnittsergebnis liegt bei 7 aus 10

Antwortstatistiken

Antwort% Korrekt
Red Bull
100%
Ferrari
99%
Mercedes
99%
Aston Martin
82%
McLaren
78%
Haas
70%
Alpine
67%
Williams
64%
Stake/Sauber
51%
CashApp RB
38%

Verteilung der Resultate

Perzentil nach korrekt beantworteten Fragen

Anzahl Personen mit jedem Resultat

Ihre Resultats-Entwicklung

Sie haben dieses Quiz noch nicht gespielt